000 00806nam a2200229 a 4500
001 54516
003 BD-RjUL
005 20211209080131.0
008 161107r19941991ii ||||| |||| 00| f ben d
020 _a8170669618
_c: Tk. 90.00
035 _a(BD-RjUL)54638
040 _aBD-RjUL
_bben
_cBD-RjUL
041 _aben
082 _223
_a891.443
_bMAS 1994
100 _aমজুমদার, সমরেশ
_9162630
245 1 0 _aসাতকাহন /
_cসমরেশ মজুমদার
260 _aকলকাতা :
_bআনন্দ পাবলিশার্স,
_c১৯৯১ [মুদ্রণ ১৯৯৪]
300 _a৩৮০ পৃ. ;
_c২৩ সেমি.
650 _aবাংলা উপন্যাস
_9162631
650 _aBengali Fiction
_9162632
942 _2ddc
_cBK
_03
999 _c54516
_d54516